Emprendedores sociales: lo que todos necesitan saber

Na minha lista:
Detalhes bibliográficos
Main Authors: Bornstein, David (Author), Davis, Susan (Author)
Formato: Livro
Idioma:espanhol
Publicado em: Cuernavaca Random House Mondadori S.A 2012
Edição:1a. ed
Assuntos:
Tags: Adicionar Tag
Sem tags, seja o primeiro a adicionar uma tag!

MARC

LEADER 00000cam a2200000 a 4500
001 UCC7848
003 CL-VaPUC
008 190510e20120000mx |||||||||||||||||spa|d
020 |a 9786073112130 
082 0 4 |a 361.2  |b BOR  |2 21 
100 0 |a Bornstein, David  |e author  |9 602589 
700 0 |a Davis, Susan  |e author  |9 602590 
245 1 0 |a Emprendedores sociales: lo que todos necesitan saber 
250 |a 1a. ed 
300 |a 163 p 
942 |c BK 
945 |d 20190510 15:30:00  |a dcastane 
260 |a Cuernavaca  |b Random House Mondadori S.A  |c 2012 
650 0 |a Emprendimiento  |9 553262 
650 0 |a Problemas sociales  |9 258537 
650 0 |a Cambio social   |9 256857 
583 |a last modification  |c 20190510 15:30:00  |k Rodrigo Vera 
999 |c 374397  |d 374395 
952 |0 0  |1 0  |3 erb  |4 0  |6 361_200000000000000_BOR_2012  |7 0  |8 A  |9 492912  |a BIBARQ  |b BIBARQ  |i 5546753  |o 361.2 BOR 2012  |p 5546753  |r 2025-01-20  |w 2019-11-24  |y BK  |z Catalogado en:20190510  |k ARQ